| 000 | 00452 a2200157 4500 | ||
|---|---|---|---|
| 001 | 156857 | ||
| 020 | _a9788541805889 | ||
| 040 | _cEscola São Tomás de Aquino | ||
| 100 | _aFARAONI, Alexandre | ||
| 240 | 1 | 0 |
_aSer protagonista _lpor |
| 245 | 1 | 0 | _aSer protagonista |
| 300 | _a463 | ||
| 362 | 0 | _a2014 | |
| 697 | _aSociologia - Antropologia - Política cultural / ideologia (Sociologia educacional ver 306.43) | ||
| 942 | _cBK | ||
| 999 |
_c156857 _d156857 |
||